Normal view
MARC view
- Sarkar .b.k
Entry Personal Name
001 - CONTROL NUMBER
- control field: 40903
003 - CONTROL NUMBER IDENTIFIER
- control field: NUST
005 - DATE AND TIME OF LATEST TRANSACTION
- control field: 20210314131920.0
008 - FIXED-LENGTH DATA ELEMENTS
- fixed length control field: 210314|| aca||aabn | a|a d
040 ## - CATALOGING SOURCE
- Original cataloging agency: NUST
- Transcribing agency: NUST
100 ## - HEADING--PERSONAL NAME
- Personal name: Sarkar .b.k
670 ## - SOURCE DATA FOUND
- Source citation: Work cat.: (NUST): Sarkar .b.k, strength of materials through problems, c1997.
